Análisis de los precios relativos de los combustibles comerciales y no comerciales actuales atendiendo a su uso en procesos de calor en el subsector industria
Salvato in:
| Autore principale: | |
|---|---|
| Natura: | Libro |
| Lingua: | Spanish |
| Pubblicazione: |
[San José,[Costa Rica]: Universidad de Costa Rica
1985
|
| Tags: |
Aggiungi Tag
Nessun Tag, puoi essere il primo ad aggiungerne!!
|
MARC
| LEADER | 00000nam a2200000Ia 4500 | ||
|---|---|---|---|
| 003 | PI0058 | ||
| 005 | 20240429105708.0 | ||
| 008 | 140114s1985 cr a 000 ||spa d | ||
| 040 | |c cru CEDI | ||
| 100 | |a Chacón Leandro, José Joaquín, 1948- |9 1765 | ||
| 245 | |a Análisis de los precios relativos de los combustibles comerciales y no comerciales actuales atendiendo a su uso en procesos de calor en el subsector industria | ||
| 260 | |a [San José,[Costa Rica]: Universidad de Costa Rica |c 1985 | ||
| 500 | |a Informe INII-12-85 | ||
| 942 | |c PI |h PI-58 |i PI0058 |6 PI_58_PI0058 | ||
| 999 | |c 13083 |d 13083 | ||
